Dead Rappers - Statistics

General Stats
  • This quiz has been taken 44 times
  • The average score is 13 of 29
Answer Stats
Songs Real Name Lived Initials Rapper % Correct
Juicy, Hypnotize, Big Poppa Christopher George Latore Wallace 1972-1997 B Biggie
91%
Hit 'Em Up, California Love, 2 of Amerikaz Most Wanted Tupac Amaru Shakur 1971-1996 T Tupac
88%
Lucid Dreams, All Girls Are the Same, Legends Jarad Anthony Higgins 1998-2019 JWRLD Juice WRLD
85%
Look At Me, SAD, Jocelyn Flores Jahseh Dwayne Ricardo Onfroy 1998-2018 XXXT XXXTentacion
79%
Ruff Ryder's Anthem, X Gon Give It to You, Go to Sleep Earl Simmons 1970-2021 DMX DMX
74%
Straight Outta Compton, Gangsta Gangsta, Fuck the Police Eric Lynn Wright 1964-1995 EE Eazy-E
71%
Gangsta's Paradise, Too Hot, Fantastic Voyage Artis Leon Ivey, Jr. 1963-2022 C Coolio
68%
Took Her to the O, Armed and Dangerous, Evil Twin Dayvon Daquon Bennett 1994-2020 KV King Von
68%
Star Shopping, Save that Shit, Falling Down Gustav Elijah Ahr 1996-2017 LP Lil Peep
62%
Self Care, What's the Use, Weekend Malcolm James McCormick 1992-2018 MM Mac Miller
53%
Regulate, Till I Collapse, Bitch Please II Nathaniel Dwayne Hale 1969-2011 ND Nate Dogg
50%
Dior, Mood Swings, Hello Bashar Barakah Jackson 1999-2020 PS Pop Smoke
44%
Bad and Boujee, Us vs. Then, Nothing Changed Kirsnick Khari Ball 1994-2022 T Takeoff
44%
Ebonics, MVP, The Enemy Lamont Coleman 1974-1999 BL Big L
41%
CREAM, Wu-Tang, Got Your Money Russell Tyrone Jones 1968-2004 ODB Ol' Dirty Bastard
41%
Twinz, Still Not A Player, You Ain't A Killer Christopher Lee Rios 1971-2000 BP Big Pun
38%
100 Shots, Major, Let's Go Adolph Robert Thornton, Jr. 1985-2021 YD Young Dolph
38%
Double Up, Rap N****s, Hussle and Motivate Ermias Joseph Asghedom 1985-2019 NH Nipsey Hussle
32%
Selfish, Gang Up, High Rakim Hasheem Allen 1991-2022 PBR PnB Rock
29%
List of Dead Opps, KTA, Beatbox Remix Charles Andrew Jones, Jr. 1998-2024 F Foolio
26%
Flex, Power, Mamacita Dequantes Devontay Lamar 1989-2024 RHQ Rich Homie Quan
26%
Slide, Chicago Legends, I'm From 63rd Carlton Dequan Weekly-Williams 1993-2020 FBGD FBG Duck
24%
It's Like That, Sucker MCs, It's Tricky Jason William Mizel 1965-2002 JMJ Jam Master Jay
21%
Shook Ones Part II, Hell on Earth, The Learning Albert Johnson 1974-2017 P Prodigy
21%
Fight Music, Purple Pills, My Band DeShaun Dupree Holton 1973-2006 P Proof
21%
Jump, Da Bomb, Tonite's Tha Night Chris Kelly 1978-2013 MD Mac Daddy
15%
Wipe Me Down, Pouring Up, Big Pimping Chad Lamont Butler 1973-2007 PC Pimp C
9%
I'm the Man, Dey Know, Laffy Taffy Carlos Rico Walker 1976-2016 SL Shawty Lo
9%
Slow Motion, My Jacket, Street Life James Adarryl Tapp, Jr. 1977-2003 SS Soulja Slim
6%
No matching quizzes found
Score Distribution
Percent of People with Each Score
Percentile by Number Answered
Your Score History
You have not taken this quiz